2006 World Cup Groups - Statistics

General Stats
  • This quiz has been taken 62 times
  • The average score is 28 of 32
Answer Stats
Hint Answer % Correct
Group D Portugal
98%
Group F Brazil
96%
Group G France
96%
Group A Germany
96%
Group C Netherlands
96%
Group H Spain
96%
Group E United States
96%
Group C Argentina
94%
Group E Italy
94%
Group F Australia
92%
Group B England
92%
Group C Serbia and Montenegro
92%
Group F Japan
90%
Group D Mexico
90%
Group F Croatia
88%
Group G South Korea
88%
Group A Poland
87%
Group B Sweden
87%
Group G Switzerland
87%
Group A Costa Rica
85%
Group E Ghana
85%
Group D Iran
85%
Group B Paraguay
85%
Group A Ecuador
81%
Group H Saudi Arabia
79%
Group C Ivory Coast
77%
Group E Czech Republic
75%
Group H Ukraine
75%
Group G Togo
73%
Group H Tunisia
73%
Group B Trinidad and Tobago
65%
Group D Angola
58%
No matching quizzes found
Score Distribution
Percent of People with Each Score
Percentile by Number Answered
Your Score History
You have not taken this quiz